Statistics for Countries Closest to Magadan

Click here to take the quiz!

General Stats

  • This quiz has been taken 21 times
  • The average score is 18 of 20

Answer Stats

Distance (km)Distance (mi)Country% Correct
3,2482,018Canada
100%
1,6221,008China
100%
1,6701,038Japan
100%
2,4121,499Mongolia
100%
2,3211,442North Korea
100%
00Russia
100%
2,8181,751South Korea
100%
1,522946United States / Alaska
100%
4,0952,544Kazakhstan
95%
4,3732,717Taiwan
95%
5,3293,311Vietnam
95%
4,0052,489Norway / Svalbard
90%
4,1022,549Denmark / Greenland
86%
4,9323,065Finland
86%
4,8423,009Philippines
86%
5,1903,225Sweden
86%
5,269*3,274*India
76%
5,0483,137Kyrgyzstan
76%
5,2603,268Myanmar
67%
5,1933,227Marshall Islands
52%

Score Distribution

Percentile by Number Answered

Percent of People with Each Score

Your Score History

You have not taken this quiz